| 000 | 00543nam a2200181Ia 4500 | ||
|---|---|---|---|
| 008 | 100920s9999 xx 000 0 und d | ||
| 082 |
_b47833 _a--- थ 84 |
||
| 100 | _aचव्हाण बियन. | ||
| 245 | _aबडा फास्ट. | ||
| 260 |
_bसरस प्रकाशन, ठाणे. _c1984 |
||
| 300 |
_a207 _bसाधी |
||
| 365 | _b32 | ||
| 520 | _aकादंबरी. | ||
| 630 | _aबडा फास्ट. | ||
| 650 | _aकादंबरी. | ||
| 730 | _aबडा फास्ट. | ||
| 942 | _cBOOK | ||
| 999 |
_c695018 _d695015 |
||